所属する町村が村のみの郡 - Statistics

General Stats
  • This quiz has been taken 23 times
  • The average score is 22 of 28
Answer Stats
都道府県 回答 % Correct
青森県 中津軽郡
94%
新潟県 刈羽郡
94%
北海道 島牧郡
89%
新潟県 岩船郡
89%
山梨県 北都留郡
89%
岐阜県 大野郡
89%
秋田県 北秋田郡
83%
新潟県 西蒲原郡
83%
長野県 下水内郡
83%
岡山県 真庭郡
83%
徳島県 名東郡
83%
大分県 東国東郡
83%
鹿児島県 鹿児島郡
83%
北海道 古宇郡
78%
北海道 阿寒郡
78%
茨城県 那珂郡
78%
長野県 東筑摩郡
78%
奈良県 宇陀郡
78%
岡山県 英田郡
78%
沖縄県 宮古郡
78%
北海道 宗谷郡
72%
北海道 国後郡
72%
北海道 択捉郡
72%
北海道 紗那郡
72%
北海道 蘂取郡
72%
福島県 安達郡
72%
北海道 色丹郡
67%
奈良県 山辺郡
67%
No matching quizzes found
Score Distribution
Percent of People with Each Score
Percentile by Number Answered
Your Score History
You have not taken this quiz